[Event "Open Ricany 2oo9"]
[Site "?"]
[Date "2009.08.26"]
[Round "6.41"]
[White "Svoboda ,Zdenek"]
[Black "Vanecek ,Stanislav"]
[Result "1-0"]
[WhiteElo "1717"]
[BlackElo "1976"]

1. e4 c5 2. Nc3 Nc6 3. g3 a6 4. Bg2 d6 5. f4 g6 6. Nf3 Bg4 7. h3 Bxf3 8. Qxf3
Bg7 9. O-O e6 10. Ne2 Nge7 11. c3 c4 12. d4 cxd3 13. Qxd3 O-O 14. Be3 Qc7
15. Rad1 Rad8 16. Nd4 e5 17. Nxc6 bxc6 18. Qxa6 d5 19. Bb6 Qc8 20. Qxc8 Nxc8
21. Bxd8 Rxd8 22. exd5 c5 23. g4 exf4 24. Rxf4 Nd6 25. Re1 Kf8 26. g5 h6 27. h4
Rb8 28. Re2 hxg5 29. hxg5 Nf5 30. Be4 Ng3 31. Ref2 Re8 32. Rxf7+ Kg8 33. Bxg6
Ne2+ 34. Kg2 c4 35. Rxg7+ 1-0

[Event "Open Ricany 2oo9"]
[Site "?"]
[Date "2009.08.26"]
[Round "6.4"]
[White "Umanec ,Filip"]
[Black "Voracek ,Zdenek"]
[Result "1-0"]
[WhiteElo "2175"]
[BlackElo "2075"]

1. e4 Nf6 2. e5 Nd5 3. c4 Nb6 4. d4 d6 5. exd6 cxd6 6. Nc3 Bf5 7. Be3 e6 8. Nf3
Be7 9. c5 Nd5 10. Nxd5 exd5 11. Qb3 dxc5 12. Qxb7 Nd7 13. Qxd5 Be6 14. Qe4 O-O
15. Be2 Rb8 16. O-O Rxb2 17. d5 Nf6 18. Qe5 Rxe2 19. dxe6 Ng4 20. exf7+ Rxf7
21. Qe6 Nxe3 22. fxe3 Qb6 23. Qc4 Qb2 24. Nd2 Rxg2+ 25. Kxg2 Qxd2+ 26. Kh1 Bf6
27. Rad1 Qa5 28. Rd7 1-0

[Event "Open Ricany 2oo9"]
[Site "?"]
[Date "2009.08.26"]
[Round "6.8"]
[White "Groh ,Jiri"]
[Black "Moravec ,Vit"]
[Result "1-0"]
[WhiteElo "2113"]
[BlackElo "2053"]

1. c4 e5 2. g3 Nc6 3. Bg2 g6 4. Nf3 Bg7 5. O-O d6 6. Nc3 f5 7. Rb1 Nf6 8. b4 h6
9. b5 Ne7 10. c5 Be6 11. cxd6 cxd6 12. a4 O-O 13. Ba3 g5 14. d3 Rc8 15. Rc1 Qd7
16. Nd2 Rfd8 17. Ncb1 Rxc1 18. Qxc1 Rc8 19. Nc4 Ng6 20. Qe3 Bxc4 21. dxc4 Rxc4
22. Qxa7 d5 23. Rd1 Ne4 24. Qb6 Kh7 25. a5 Rc2 26. Bxe4 fxe4 27. Rd2 Rxd2
28. Nxd2 Qh3 29. a6 bxa6 30. bxa6 Nh4 31. gxh4 Qxa3 32. hxg5 Qc1+ 33. Kg2 hxg5
34. a7 Qxd2 35. a8=Q Qxe2 36. Qe3 Qg4+ 37. Qg3 1-0

[Event "Open Ricany 2oo9"]
[Site "?"]
[Date "2009.08.26"]
[Round "6.35"]
[White "Hatas ,Radim"]
[Black "Vesecky ,Martin"]
[Result "1/2-1/2"]
[WhiteElo "1773"]
[BlackElo "1946"]

1. e4 c5 2. Nc3 Nc6 3. g3 g6 4. Bg2 Bg7 5. d3 e6 6. f4 d6 7. Nf3 Nge7 8. O-O
O-O 9. Be3 Nd4 10. Bf2 Rb8 11. e5 dxe5 12. fxe5 Nec6 13. Ne4 Nxe5 14. Nxe5 Bxe5
15. c3 Nc6 16. Nxc5 Ne7 17. Ne4 b6 18. d4 Bg7 19. Be3 Nd5 20. Bd2 Bb7 21. Rf2
Rc8 22. Qa4 Qc7 23. Raf1 h6 24. Bc1 f5 25. Nd2 Ne3 26. Bxb7 Qxb7 27. Re1 Ng4
28. Rfe2 f4 29. Qb3 f3 30. Qxe6+ Qf7 31. Qxf7+ Rxf7 32. Re8+ Rf8 33. Rxf8+ Rxf8
34. Re4 f2+ 35. Kg2 Nxh2 36. Rf4 Rxf4 37. gxf4 Ng4 38. Ne4 Kf7 39. Nd6+ Ke6
40. Nc8 1/2-1/2

[Event "Open Ricany 2oo9"]
[Site "?"]
[Date "2009.08.26"]
[Round "6.19"]
[White "Vevera ,Radek"]
[Black "Marsalek ,Lubos"]
[Result "0-1"]
[WhiteElo "2092"]
[BlackElo "1955"]

1. c4 e5 2. Nc3 Bb4 3. Nf3 Bxc3 4. dxc3 Nc6 5. g3 d6 6. Bg2 Nge7 7. O-O Be6
8. Qa4 O-O 9. e4 Nc8 10. c5 dxc5 11. Be3 Nb6 12. Qa3 c4 13. Rad1 Qc8 14. Bc5 Re8
15. Ng5 Bg4 16. f3 Bd7 17. g4 f6 18. Nh3 h5 19. Nf2 hxg4 20. Rxd7 Qxd7 21. Nxg4
Nd8 22. Qa5 Ne6 23. Bh3 Qc6 24. Be3 Nf4 25. Bxf4 exf4 26. Qh5 Re7 27. Qg6 Qc5+
28. Rf2 Qg5 29. Qxg5 fxg5 30. Rd2 Kf8 31. Bf1 Ke8 32. Kf2 Rd8 33. Ke1 Rxd2
34. Kxd2 Kd7 35. Kc2 Kc6 36. Be2 Kc5 37. Bf1 Nd7 38. Bh3 b5 39. Kc1 a5 40. a3
Kd6 41. Kc2 Re8 42. Nf2 Ne5 43. Bg4 Rh8 0-1

[Event "Open Ricany 2oo9"]
[Site "?"]
[Date "2009.08.26"]
[Round "6.14"]
[White "Drabek ,Vojtech"]
[Black "Kubik ,Jaroslav"]
[Result "1-0"]
[WhiteElo "2156"]
[BlackElo "1975"]

1. Nf3 Nf6 2. g3 d6 3. d4 g6 4. Bg2 Bg7 5. c4 Nbd7 6. Nc3 O-O 7. O-O e5 8. b3
exd4 9. Nxd4 Re8 10. Bb2 Ne5 11. Qd2 h5 12. Nd5 Nfg4 13. h3 Nf6 14. f4 Ned7
15. Nb5 Nxd5 16. Bxg7 Kxg7 17. cxd5 Nc5 18. b4 a6 19. bxc5 axb5 20. cxd6 Qxd6
21. e4 Qc5+ 22. Kh2 Ra4 23. f5 Qd4 24. Qxd4+ Rxd4 25. f6+ Kh6 26. Rac1 Rc4
27. Rxc4 bxc4 28. Rc1 b5 29. a4 Bd7 30. axb5 Bxb5 31. g4 hxg4 32. hxg4 Kg5
33. Kg3 Kxf6 34. Kf4 g5+ 35. Ke3 Ra8 36. Kd4 Ra3 37. e5+ Ke7 38. Be4 Rg3 39. Kc5
Rb3 40. d6+ cxd6+ 41. exd6+ Ke8 42. Bc6+ Bxc6 43. Kxc6 Kd8 44. Rh1 1-0

[Event "Open Ricany 2oo9"]
[Site "?"]
[Date "2009.08.26"]
[Round "6.30"]
[White "Macku ,Emil"]
[Black "Skokan ,Frantisek"]
[Result "1-0"]
[WhiteElo "2020"]
[BlackElo "1854"]

1. e4 c5 2. c3 d5 3. exd5 Qxd5 4. d4 cxd4 5. cxd4 Nf6 6. Nc3 Qd8 7. Nf3 e6
8. Bc4 a6 9. O-O Be7 10. Re1 b5 11. Bb3 Bb7 12. Qe2 Nc6 13. Be3 O-O 14. Rad1 Nb4
15. Ne5 Nbd5 16. Bg5 h6 17. Bxf6 Bxf6 18. Nxf7 Nxc3 19. Qxe6 Bd5 20. Nxd8+ Bxe6
21. Bxe6+ Kh7 22. bxc3 Raxd8 23. Rd3 b4 24. cxb4 Bxd4 25. Re2 g6 26. Bc4 Rf6
27. Kf1 Rfd6 28. Red2 Kg7 29. Bxa6 Rxa6 30. Rxd4 Rxd4 31. Rxd4 Rxa2 32. Rd6 Rb2
33. Rb6 Rb1+ 34. Ke2 Rb2+ 35. Kf3 Rb3+ 36. Kg4 Rb2 37. Kg3 h5 38. h4 Kh6 39. b5
Rb4 40. Rb8 Rg4+ 41. Kh3 Rf4 42. b6 Kg7 43. f3 Rb4 44. Kg3 Kf6 45. Kf2 g5
46. hxg5+ Kxg5 47. b7 Kh4 48. g4 1-0

[Event "Open Ricany 2oo9"]
[Site "?"]
[Date "2009.08.26"]
[Round "6.28"]
[White "Urban ,Miroslav"]
[Black "Vavrinec ,Tomas"]
[Result "0-1"]
[WhiteElo "1917"]
[BlackElo "2067"]

1. e4 e6 2. d4 d5 3. Nd2 Be7 4. Ngf3 Nf6 5. e5 Nfd7 6. Bd3 c5 7. c3 Nc6 8. O-O
cxd4 9. cxd4 a5 10. b3 Qb6 11. Bb2 a4 12. a3 g5 13. g4 axb3 14. Qxb3 Na5
15. Qxb6 Nxb6 16. Bc3 Nc6 17. Rfb1 Nd7 18. a4 O-O 19. a5 h6 20. Ne1 f6 21. exf6
Bxf6 22. Nc2 Bg7 23. Kg2 Rf4 24. h3 Nxd4 25. Ne3 Nc5 26. Bg6 Nc6 27. Bxg7 Kxg7
28. Bh5 Nd3 29. f3 Rxa5 30. Be8 Nde5 31. Rxa5 Nxa5 32. Rb5 Nac6 33. Kg3 Kf8
34. Bh5 Ke7 35. Ng2 Rb4 36. Rxb4 Nxb4 37. f4 Ned3 38. fxg5 hxg5 39. h4 gxh4+
40. Kxh4 e5 41. g5 Bf5 42. Be2 Bg6 43. Kg4 e4 44. Nf4 Nxf4 45. Kxf4 Kd6 46. Nb3
Nc6 47. Bg4 Ne5 48. Bf5 Bf7 49. Nd4 Nd3+ 50. Kg4 Ke5 51. g6 Bxg6 52. Bxg6 Kxd4
0-1

[Event "Open Ricany 2oo9"]
[Site "?"]
[Date "2009.08.26"]
[Round "6.7"]
[White "Postupa ,Martin"]
[Black "Sindler ,Michal"]
[Result "1/2-1/2"]
[WhiteElo "1986"]
[BlackElo "2163"]

1. e4 c5 2. Nc3 Nc6 3. g3 g6 4. Bg2 Bg7 5. d3 d6 6. Be3 Rb8 7. f4 Nd4 8. h3 e6
9. Nf3 Ne7 10. O-O O-O 11. Qd2 f5 12. Rae1 Nec6 13. exf5 gxf5 14. Nd1 Bd7 15. c3
Nxf3+ 16. Bxf3 Qf6 17. Kh2 b5 18. Qg2 Rfc8 19. Rg1 Ne7 20. d4 c4 21. d5 e5
22. fxe5 dxe5 23. Rgf1 Ng6 24. Bg4 Rc7 25. Bxf5 Bxf5 26. g4 Nf4 27. Bxf4 Bd3
28. Bxe5 Bxf1 29. Qg3 Qf7 30. Bxc7 Re8 31. Rxe8+ Qxe8 32. Ne3 Bd3 33. Qf4 b4
34. Kg3 bxc3 35. bxc3 Bxc3 36. Qg5+ Bg6 37. Qd8 Be5+ 38. Kf2 Qxd8 39. Bxd8 c3
40. Bg5 Bd4 41. d6 Be8 42. Ke2 Bb5+ 43. Kd1 Ba4+ 44. Nc2 Be5 45. Be3 a6 46. Bc5
Kf7 47. Kc1 Ke6 1/2-1/2

[Event "Open Ricany 2oo9"]
[Site "?"]
[Date "2009.08.26"]
[Round "6.32"]
[White "Kaiser ,Rudolf"]
[Black "Hrdina ,Robin"]
[Result "1/2-1/2"]
[WhiteElo "1961"]
[BlackElo "1859"]

1. f4 d5 2. Nf3 g6 3. e3 Bg7 4. Be2 Nf6 5. O-O O-O 6. d3 e6 7. Qe1 b6 8. Nc3
Nc6 9. e4 d4 10. Nb1 Ne7 11. Nbd2 Bb7 12. Nc4 c5 13. Nh4 Ne8 14. f5 exf5
15. exf5 Nd5 16. Qg3 b5 17. Na3 a6 18. Bg5 f6 19. Bd2 g5 20. Nf3 Nd6 21. Qh3
Nxf5 22. Nxg5 fxg5 23. Rxf5 Rxf5 24. Qxf5 Qe7 25. Bg4 h6 26. Re1 Qf7 27. Qxf7+
Kxf7 28. Nb1 Nf6 29. Be6+ Kf8 30. b4 Bd5 31. bxc5 Bxe6 32. Rxe6 Kf7 33. Rd6 Ne8
34. Rb6 Bf8 35. Rc6 Nf6 36. c3 dxc3 37. Bxc3 Nd5 38. Be5 Nb4 39. Rc7+ Ke6 40. d4
Nxa2 41. Nd2 Nc3 42. Nf3 b4 43. Rc6+ Kd5 44. Rb6 Nb5 45. c6 g4 46. Nd2 Bc5
47. dxc5 Kxe5 48. c7 Nxc7 49. Rxb4 Rd8 50. Nb3 h5 51. Kf2 Rf8+ 52. Kg3 Nd5
53. Ra4 Rf6 54. Na5 Nc3 55. Rc4 Ne4+ 56. Kh4 Kd5 57. Rc1 Nxc5 58. Rd1+ Ke4
59. Kxh5 Nd3 60. Ra1 Nf4+ 61. Kxg4 Rg6+ 62. Kh4 1/2-1/2

[Event "Open Ricany 2oo9"]
[Site "?"]
[Date "2009.08.27"]
[Round "7.20"]
[White "Kralovsky ,martin"]
[Black "Postupa ml., Pavel "]
[Result "1/2-1/2"]
[WhiteElo "2002"]
[BlackElo "2131"]

1. d4 Nf6 2. c4 g6 3. Nc3 d5 4. cxd5 Nxd5 5. e4 Nxc3 6. bxc3 Bg7 7. Nf3 c5
8. Rb1 O-O 9. Be2 Nc6 10. d5 Ne5 11. Nxe5 Bxe5 12. Qd2 e6 13. f4 Bg7 14. c4 e5
15. O-O Qd6 1/2-1/2

[Event "Open Ricany 2oo9"]
[Site "?"]
[Date "2009.08.27"]
[Round "7.37"]
[White "Skokan ,František"]
[Black "Pataridis ,Janis"]
[Result "1-0"]
[WhiteElo "1854"]
[BlackElo "1919"]

1. e4 e5 2. f4 d6 3. Nf3 Nc6 4. Nc3 Be7 5. Bc4 Nf6 6. d3 Bg4 7. O-O Na5 8. fxe5
Bxf3 9. Qxf3 dxe5 10. Bb3 Nxb3 11. axb3 c6 12. Qg3 Qd6 13. Rf5 O-O 14. Rxe5 Nd7
15. Rg5 Qxg3 16. Rxg3 Bd6 17. Rf3 Ne5 18. Rf1 Bc5+ 19. Kh1 b5 20. Bf4 Ng4
21. Nd1 f5 22. e5 Rae8 23. c3 Re6 24. d4 Bb6 25. h3 Nh6 26. Ne3 Rg6 27. Bxh6
Rxh6 28. Nxf5 Re6 29. b4 Ra8 30. Nd6 Re7 31. Rf3 Bc7 32. Ne4 h6 33. Ra6 Bb6
34. Rg3 Kh7 35. Nd6 Rf8 36. Rf3 Kg8 37. Rxf8+ Kxf8 38. Nc8 Rb7 39. Kh2 Rb8
40. Nxa7 Bxa7 41. Rxa7 Rc8 42. Kg3 Kg8 43. Kg4 g6 44. h4 Re8 45. Rc7 Re6 46. Kf4
Kf8 47. Ke4 Ke8 48. g4 Kf8 49. d5 cxd5+ 50. Kxd5 Ra6 51. Rc6 Rxc6 52. Kxc6 Ke7
53. Kd5 1-0

[Event "Open Ricany 2oo9"]
[Site "?"]
[Date "2009.08.27"]
[Round "7.25"]
[White "Skala ,Jaromir"]
[Black "Havlicek ,Pavel"]
[Result "1-0"]
[WhiteElo "2065"]
[BlackElo "1774"]

1. e4 e5 2. Nf3 Nc6 3. Bc4 Bc5 4. c3 d6 5. d4 exd4 6. cxd4 Bb6 7. Be3 h6 8. Qd3
Nf6 9. O-O O-O 10. Nc3 Re8 11. a3 Bg4 12. Nd2 a6 13. Kh1 Qe7 14. Rae1 Rad8
15. Ba2 Bh5 16. f4 Ng4 17. Bg1 Nf6 18. b4 Bg6 19. Qg3 Bh7 20. e5 Nd7 21. e6 fxe6
22. Rxe6 Qxe6 23. Bxe6+ Rxe6 24. d5 Rg6 25. Qh4 1-0

[Event "Open Ricany 2oo9"]
[Site "?"]
[Date "2009.08.27"]
[Round "7.26"]
[White "Pavlicvek ,Petr"]
[Black "Lexa ,Vaclav"]
[Result "1-0"]
[WhiteElo "2036"]
[BlackElo "1895"]

1. d4 d5 2. c4 e6 3. Nf3 Nf6 4. g3 c6 5. Bg2 Bd6 6. Qc2 O-O 7. O-O Nbd7 8. b3
e5 9. dxe5 Nxe5 10. cxd5 Nxd5 11. Rd1 Qe7 12. Bb2 Ng4 13. e4 Nc7 14. Nbd2 f6
15. h3 Ne5 16. Nd4 Ne6 17. Nf5 Qc7 18. Nxd6 Qxd6 19. Nc4 Qc5 20. Ba3 1-0

[Event "Open Ricany 2oo9"]
[Site "?"]
[Date "2009.08.27"]
[Round "7.33"]
[White "Hadrava ,Jaroslav"]
[Black "Chromovsky ,Hynek"]
[Result "0-1"]
[WhiteElo "1963"]
[BlackElo "1802"]

1. e4 c5 2. Nf3 e6 3. d4 cxd4 4. Nxd4 a6 5. Be2 Qc7 6. O-O Nf6 7. Nc3 b5 8. Bf3
Bb7 9. e5 Ng8 10. Bxb7 Qxb7 11. Qd3 Ne7 12. Bf4 Ng6 13. Bg3 Nc6 14. Nxc6 dxc6
15. Rad1 Be7 16. Ne4 O-O 17. Qe3 Rfd8 18. Nd6 Qc7 19. Rd3 Rd7 20. Rfd1 Rad8
21. c4 bxc4 22. Nxc4 Rd5 23. Qe2 Qb8 24. Rxd5 Rxd5 25. Rxd5 cxd5 26. Nd6 Qc7
27. h3 h6 28. b3 a5 29. Nb5 Qc1+ 30. Kh2 Bg5 31. Nd6 Bf4 32. Qb5 Bxg3+ 33. fxg3
Nxe5 34. Qe8+ Kh7 35. Nxf7 Nxf7 36. Qxf7 Qe1 37. Qf3 d4 38. Qd3+ Kg8 39. Qxd4 e5
40. a3 0-1

[Event "Open Ricany 2oo9"]
[Site "?"]
[Date "2009.08.27"]
[Round "7.2"]
[White "Ruzicka ml., Vaclav "]
[Black "Vojta ,Tomas"]
[Result "1-0"]
[WhiteElo "2024"]
[BlackElo "2363"]

1. d4 d5 2. Bf4 Nc6 3. e3 Nf6 4. c3 g6 5. Bd3 Bg7 6. Nd2 O-O 7. Ngf3 Bg4 8. Qc2
Bxf3 9. Nxf3 a6 10. h4 Nh5 11. Bh2 Qd7 12. O-O-O b5 13. g4 Qxg4 14. Ng5 Qd7
15. Rdg1 f5 16. Be2 Nf6 17. Be5 Nxe5 18. dxe5 Ne4 19. f4 Nxg5 20. Rxg5 e6 21. h5
Qe7 22. hxg6 h6 23. Rgh5 Rfb8 24. Bd3 c5 25. Qg2 c4 26. Bxf5 b4 27. Rxh6 bxc3
28. Qh3 Bxh6 29. Bxe6+ Kf8 30. Qxh6+ Qg7 31. Qg5 cxb2+ 32. Kb1 c3 33. Qf5+ Ke8
34. Rh7 Qf8 35. Bd7+ 1-0

[Event "Open Ricany 2oo9"]
[Site "?"]
[Date "2009.08.27"]
[Round "7.14"]
[White "Skalicky ,Tomas"]
[Black "Matejovsky ,Ondrej"]
[Result "0-1"]
[WhiteElo "1607"]
[BlackElo "2085"]

1. e4 e5 2. Nf3 d6 3. d4 exd4 4. Nxd4 Be7 5. Bc4 Nf6 6. Nc3 O-O 7. Nb3 Nbd7
8. O-O Nc5 9. Re1 Nxb3 10. axb3 Bg4 11. Qd3 Nd7 12. Qg3 Ne5 13. Bf4 Bh4 14. Qe3
Ng6 15. Bg3 Bf6 16. Nd5 a6 17. c3 Be6 {Dale necitelne} 0-1

[Event "Open Ricany 2oo9"]
[Site "?"]
[Date "2009.08.27"]
[Round "7.4"]
[White "Umanec ,Filip"]
[Black "Pospisil ,Evzen"]
[Result "1-0"]
[WhiteElo "2175"]
[BlackElo "2209"]

1. e4 c5 2. c3 d5 3. exd5 Qxd5 4. d4 Nc6 5. Nf3 Bg4 6. dxc5 Qxd1+ 7. Kxd1 e5
8. b4 a5 9. Bb5 Ne7 10. a3 axb4 11. cxb4 e4 12. h3 exf3 13. hxg4 fxg2 14. Rg1
O-O-O+ 15. Nd2 h5 16. g5 Nd4 17. Bc4 Nd5 18. Bxd5 Rxd5 19. Rxg2 h4 20. Rg1 h3
21. Rh1 h2 22. Nc4 Nb3+ 23. Ke2 Nxc1+ 24. Raxc1 Rxg5 25. Nb6+ Kb8 26. Nd7+ Kc7
27. Nxf8 Rxf8 28. Rxh2 Re8+ 29. Kd3 Rf5 30. Rc3 g6 31. Kc4 Re2 32. Re3 Rexf2
33. Rh8 Rd2 34. Re7+ Rd7 35. Re1 Rf4+ 36. Kb5 Rdd4 37. Rg8 Kd7 38. Kb6 1-0

[Event "Open Ricany 2oo9"]
[Site "?"]
[Date "2009.08.27"]
[Round "7.21"]
[White "Krasnay ,Peter"]
[Black "Macku ,Emil"]
[Result "0-1"]
[WhiteElo "2088"]
[BlackElo "2020"]

1. e4 c5 2. Nf3 Nc6 3. d4 cxd4 4. Nxd4 Nf6 5. Nc3 g6 6. Be3 Bg7 7. f3 O-O
8. Bc4 Qb6 9. Bb3 Nxe4 10. fxe4 Bxd4 11. Nd5 Qa5+ 12. c3 Bxe3 13. Nxe3 d6 14. h4
h5 15. g4 Qe5 16. Qf3 hxg4 17. Nxg4 Qh5 18. Nh2 Qxh4+ 19. Kd2 Ne5 20. Qe3 Qh3
21. Qe2 Kg7 22. Raf1 Bd7 23. Kc2 Bg4 24. Qd2 Rh8 25. Qd4 Be6 26. Rf2 Bxb3+
27. axb3 f6 28. Rhf1 Qg3 29. Nf3 Nxf3 30. Rxf3 Rh2+ 31. Kb1 Qe5 32. Qc4 Rah8
33. Rd3 Rh1 34. Rdd1 Rxf1 35. Rxf1 Rh4 36. Re1 f5 37. Qc7 Rxe4 38. Rh1 Re1+
39. Rxe1 Qxe1+ 40. Ka2 Qe4 41. Qd7 f4 42. Qg4 Qe3 43. Qg5 Qe5 44. Qg4 g5 45. Qh5
g4 46. Qh4 Qf6 47. Qf2 b6 48. c4 a5 49. Ka3 Qe5 0-1

[Event "Open Ricany 2oo9"]
[Site "?"]
[Date "2009.08.27"]
[Round "7.9"]
[White "Maly ,Filip"]
[Black "Drabek ,Vojtech"]
[Result "1-0"]
[WhiteElo "1986"]
[BlackElo "2156"]

1. e4 c5 2. Nf3 d6 3. d4 cxd4 4. Nxd4 Nf6 5. Nc3 a6 6. Bg5 e6 7. f4 Qc7 8. Bxf6
gxf6 9. Qh5 Qc5 10. Qxc5 dxc5 11. Nb3 b5 12. O-O-O c4 13. Nd4 Bc5 14. a4 b4
15. Na2 Bb7 16. Bxc4 Nc6 17. Nb3 Be3+ 18. Kb1 Bxf4 19. Nc5 Na5 20. Nxb7 Nxc4
21. Nxb4 Nd2+ 22. Ka2 Nxe4 23. Rd4 f5 24. Nxa6 Rxa6 25. Rd8+ Ke7 26. Rxh8 Rxa4+
27. Kb3 Ra7 28. Nd8 Rc7 29. Rd1 Nd2+ 30. Rxd2 Bxd2 31. Nxf7 Rb7+ 32. Ka2 Ra7+
33. Kb1 Kf6 34. Nd6 Bf4 35. Nb5 Rb7 36. g3 Be5 37. c4 f4 38. gxf4 Bxf4 39. h3
Ke5 40. Kc2 Ke4 41. Re8 Rb6 42. b4 e5 43. Nc3+ Kf3 44. b5 Rh6 45. c5 Be3 46. c6
Bb6 47. Nd5 Ba5 48. Rxe5 Kg3 49. Re3+ Kh4 50. c7 1-0

[Event "Open Ricany 2oo9"]
[Site "?"]
[Date "2009.08.27"]
[Round "7.23"]
[White "Mejzr ,Jan"]
[Black "Polak ,Benedikt"]
[Result "0-1"]
[WhiteElo "1847"]
[BlackElo "2075"]

1. e4 c5 2. Nf3 d6 3. d4 cxd4 4. Qxd4 a6 5. c4 Nc6 6. Qd2 Nf6 7. Nc3 g6 8. Be2
Bg7 9. O-O O-O 10. h3 Bd7 11. Re1 Rc8 12. Rb1 Qa5 13. a3 Ne5 14. b3 Nxf3+
15. Bxf3 b5 16. Nd5 Qd8 17. cxb5 Nxd5 18. Qxd5 axb5 19. Be3 Qa5 20. a4 Bc6
21. Bd2 Qa8 22. Qg5 Bf6 23. Qg4 bxa4 24. bxa4 Qxa4 25. Rec1 Bd7 26. Qf4 Rxc1+
27. Rxc1 Rc8 28. Bg4 Bxg4 29. hxg4 Rxc1+ 30. Bxc1 h5 31. Qd2 Qa1 32. Qc2 Bg5 0-1

[Event "Open Ricany 2oo9"]
[Site "?"]
[Date "2009.08.27"]
[Round "7.1"]
[White "Vokac ,Marek"]
[Black "Kulhanek ,Tomas"]
[Result "1-0"]
[WhiteElo "2466"]
[BlackElo "2444"]

1. Nf3 Nf6 2. c4 b6 3. g3 c5 4. Bg2 Bb7 5. b3 g6 6. Bb2 Bg7 7. O-O O-O 8. Nc3
e6 9. Rc1 Na6 10. Qc2 Qe7 11. Rfe1 d5 12. cxd5 Nb4 13. Qb1 exd5 14. d4 Rac8
15. a3 Na6 16. e3 Rfe8 17. Ne5 Nc7 18. Rcd1 Ne4 19. Nxe4 dxe4 20. Bxe4 Bxe4
21. Qxe4 f6 22. d5 Rcd8 23. Qc4 b5 24. Nc6 bxc4 25. Nxe7+ Kf8 26. Nc6 Rxd5
27. bxc4 Rxd1 28. Rxd1 Re6 29. Rd8+ Ne8 30. Nxa7 Rd6 31. Rc8 Rd2 32. Bc3 Rc2
33. Nb5 Kf7 34. a4 Bf8 35. a5 Ra2 36. a6 Nd6 37. Rxf8+ Kxf8 38. Nxd6 Rxa6
39. Ne4 Ra4 40. Nxc5 Rxc4 41. Bd4 Kf7 42. g4 Rc2 43. Kg2 f5 44. g5 Rd2 45. Kf3
Ke7 46. Nb3 Rc2 47. Bf6+ Kf7 48. Nd4 Rd2 49. h4 h6 50. Nc6 hxg5 51. hxg5 Kg8
52. Ne5 Kh7 53. Kg3 Re2 54. Nd3 Ra2 55. Nf4 Ra6 56. f3 Ra3 57. Bd4 Rb3 58. Nd5
Kg8 59. Kf4 Kf7 60. Ke5 Rb5 61. Kd6 Ra5 62. Nb4 Ra3 63. Nc6 Ra6 64. Kd7 Ra4
65. e4 fxe4 66. fxe4 Kg8 67. e5 Kh7 68. e6 1-0

[Event "Open Ricany 2oo9"]
[Site "?"]
[Date "2009.08.27"]
[Round "7.42"]
[White "Vanecek ,Stanislav"]
[Black "Ruzicka st., Vaclav "]
[Result "1/2-1/2"]
[WhiteElo "1976"]
[BlackElo "1706"]

1. Nf3 f5 2. g3 Nf6 3. Bg2 g6 4. O-O Bg7 5. c4 O-O 6. Nc3 c6 7. d4 d6 8. Qc2
Nbd7 9. e4 Nxe4 10. Nxe4 fxe4 11. Ng5 Nf6 12. Nxe4 Nxe4 13. Qxe4 Bf5 14. Qe3 e5
15. d5 c5 16. Bd2 Rb8 17. b4 b6 18. b5 a6 19. a4 a5 20. Be4 1/2-1/2

[Event "Open Ricany 2oo9"]
[Site "?"]
[Date "2009.08.27"]
[Round "7.35"]
[White "Macek ,Kamil"]
[Black "Svoboda ,Zdenek"]
[Result "1-0"]
[WhiteElo "1940"]
[BlackElo "1717"]

1. e4 c6 2. d4 d5 3. exd5 cxd5 4. c4 Nc6 5. Nc3 Nf6 6. Bg5 Qb6 7. Bxf6 exf6
8. Qe2+ Kd8 9. O-O-O Nxd4 10. Qe3 Bc5 11. Na4 Qc6 12. Nxc5 Qxc5 13. Qxd4 1-0

[Event "Open Ricany 2oo9"]
[Site "?"]
[Date "2009.08.27"]
[Round "7.6"]
[White "Novak ,Jindrich"]
[Black "Herejk ,Petr"]
[Result "0-1"]
[WhiteElo "2036"]
[BlackElo "2174"]

1. Nf3 c5 2. c4 Nf6 3. Nc3 g6 4. b3 Bg7 5. Bb2 O-O 6. e4 Nc6 7. Na4 Nxe4
8. Bxg7 Kxg7 9. Bd3 d5 10. O-O b6 11. cxd5 Qxd5 12. Qe2 Nf6 13. Nc3 Qd8 14. Bb5
Bb7 15. Bxc6 Bxc6 16. Rad1 Bxf3 17. Qxf3 Qd7 18. Rfe1 Rad8 19. Re5 Rfe8 20. h3
Qd3 21. Re3 Qd6 22. Qb7 Rd7 23. Qa6 Qc6 24. Qe2 Nd5 25. Qf3 Qf6 26. Qxf6+ Nxf6
27. Re5 e6 28. Kf1 Red8 29. Ke2 Nd5 30. Nxd5 Rxd5 31. Rxd5 Rxd5 32. Rc1 Rd4
33. Rc3 f5 34. Rd3 Rd5 35. Rc3 Kf6 36. Rc4 e5 37. Ra4 a5 38. Rh4 h5 39. Rc4 Ke6
40. Rc3 f4 41. f3 Kf5 42. Rc4 Kg5 43. a3 Kh4 44. b4 axb4 45. axb4 Kg3 46. bxc5
bxc5 47. Kf1 Rxd2 48. Rxc5 Rf2+ 49. Ke1 Rxg2 50. Rxe5 Kxf3 51. Re6 Rg1+ 52. Kd2
Kf2 53. h4 f3 54. Rf6 Rg4 55. Kd3 Rxh4 56. Rxg6 Rg4 57. Rf6 h4 58. Rf8 Rg7 0-1

[Event "Open Ricany 2oo9"]
[Site "?"]
[Date "2009.08.27"]
[Round "7.19"]
[White "Framberk ,Jan"]
[Black "Kubikova ,Hana"]
[Result "1/2-1/2"]
[WhiteElo "2025"]
[BlackElo "2168"]

1. e4 c5 2. Nf3 d6 3. d4 cxd4 4. Nxd4 Nf6 5. Nc3 a6 6. Be2 e5 7. Nb3 Be7 8. O-O
Be6 9. f4 Nc6 10. f5 Bxb3 11. axb3 O-O 12. Be3 Nb4 13. Bf3 Rc8 14. Rf2 d5
15. exd5 e4 16. Bxe4 Rxc3 17. bxc3 Nxe4 18. cxb4 Nxf2 19. Bxf2 Bxb4 20. Qd4 Bd6
21. Re1 Qc7 22. f6 Qxc2 23. fxg7 Rc8 24. Qa4 Bxh2+ 25. Kxh2 Qxf2 26. Re8+ Rxe8
27. Qxe8+ Kxg7 28. Qe7 Qf4+ 29. Kh1 Qh6+ 30. Kg1 Qb6+ 31. Kh1 Qh6+ 1/2-1/2

[Event "Open Ricany 2oo9"]
[Site "?"]
[Date "2009.08.27"]
[Round "7.10"]
[White "Blumel ,Otto"]
[Black "Postupa ,Martin"]
[Result "0-1"]
[WhiteElo "2142"]
[BlackElo "1986"]

1. e4 e5 2. Nf3 Nc6 3. Bc4 Be7 4. d4 d6 5. dxe5 dxe5 6. Qe2 Nf6 7. h3 O-O
8. Nc3 Nd4 9. Nxd4 exd4 10. Nd5 Nxd5 11. Bxd5 c6 12. Bb3 Bb4+ 13. c3 dxc3
14. O-O Qf6 15. e5 Qg6 16. Kh2 Bf5 17. Qe3 Rfd8 18. g4 Bd3 19. Rg1 Qe4 20. Qg5
Qe2 21. bxc3 Bxc3 22. Be3 Bxa1 23. Rxa1 Bc4 24. Qe7 b5 25. e6 fxe6 26. Rc1 Rf8
27. Rc2 Qd3 28. Rd2 Qg6 29. Bc2 Qf7 30. Qh4 g6 31. Qg5 Bd5 32. f4 Qf6 33. Qh6 e5
34. Rf2 exf4 35. Bxf4 Qg7 36. Qg5 Rxf4 37. Rxf4 Rf8 0-1

[Event "Open Ricany 2oo9"]
[Site "?"]
[Date "2009.08.27"]
[Round "7.18"]
[White "Fojtu ,Jan"]
[Black "Fikr ,Lukas"]
[Result "1-0"]
[WhiteElo "2093"]
[BlackElo "1996"]

1. d4 Nf6 2. c4 g6 3. Nc3 Bg7 4. e4 d6 5. Nf3 O-O 6. Be2 e5 7. d5 a5 8. O-O Na6
9. Be3 Ng4 10. a3 Nxe3 11. fxe3 Bh6 12. Qd2 Nc5 13. Bd1 f5 14. Bc2 f4 15. b4
fxe3 16. Qe2 axb4 17. axb4 Rxa1 18. Rxa1 Na6 19. b5 Nc5 20. Nd1 Bg4 21. Nxe3
Bxf3 22. gxf3 Bxe3+ 23. Qxe3 Rf4 24. Qe2 Qf8 25. Ra3 Qh6 26. Ra8+ Kg7 27. Ra1
Rf7 28. Kg2 Nd7 29. Ra7 Nf6 30. Rxb7 Nh5 31. Qf2 Nf4+ 32. Kf1 Qh3+ 33. Ke1 Ng2+
34. Kd2 Qxh2 35. Kc3 Qh3 36. Kb2 Qc8 37. Qa7 Ne3 38. Bb3 Qh3 39. Rxc7 Qg2+
40. Ka3 Rxc7 41. Qxc7+ Kh6 42. b6 Qxf3 43. b7 1-0